000 00547nam a22001937a 4500
003 OSt
005 20211122013506.0
008 170209b xxu||||| |||| 00| 0 eng d
020 _a9780743204149
040 _aMMU
_beng
_cMMU
_dMMU
050 _aHD69 .C6M38 2000
100 _aMaister ,David H.
245 _aThe trusted advisor/
_cDavid H. Maister ...{et al .}.
260 _aNew York:
_bFree Press,
_c2000.
300 _axiii,240 p. :
500 _aIncludes bibliographical references and index
650 _aAdvisor
942 _2lcc
_cLOAN LOAN
999 _c22462
_d22462